Science Quiz

Random Science Quiz

Square Numbers Quiz Stats

 Plays Quiz not verified by Sporcle

Score 0/12 Timer 10:00
0 Plays Today
Hint Answer % Correct
????
100%
????
96.8%
????
96.8%
????
93.5%
????
93.5%
????
90.3%
????
90.3%
????
90.3%
????
87.1%
????
87.1%
????
83.9%
????
80.6%

You're not logged in!

Compare scores with friends on all Sporcle quizzes.
OR
Log In

Sporcle TV

Today on Sporcle TV


Watch our educational content, quiz creation guides, and fun videos on Sporcle TV.

Show Comments

Extras

Created Sep 1, 2017ReportNominate
Tags:Square, Square Numbers

Top Quizzes Today


Score Distribution

Your Account Isn't Verified!

In order to create a playlist on Sporcle, you need to verify the email address you used during registration. Go to your Sporcle Settings to finish the process.

Report this User

Report this user for behavior that violates our Community Guidelines.

Details: